| 000 | 00692cam a22002533a 4500 | ||
|---|---|---|---|
| 001 | 8128 | ||
| 003 | PGUSA | ||
| 005 | 20140828083152.0 | ||
| 008 | 050501s2005||||xxu|||||s|||||000 | eng d | ||
| 040 |
_aPGUSA _beng |
||
| 042 | _adc | ||
| 050 | 4 | _aDS | |
| 100 | 1 |
_aHearn, Lafcadio, _d1850-1904 |
|
| 245 | 1 | 0 |
_aIn Ghostly Japan _h[electronic resource] / _cLafcadio Hearn |
| 260 |
_bProject Gutenberg, _c2005 |
||
| 506 | _aPublic domain in the USA. | ||
| 516 | _aElectronic text | ||
| 653 | _aFolklore -- Japan | ||
| 653 | _aJapan -- Social life and customs | ||
| 653 | _aBuddhism | ||
| 830 | 0 |
_aProject Gutenberg _v8128 |
|
| 856 | 4 | 0 | _uhttp://www.gutenberg.org/ebooks/8128 |
| 942 | _cEB | ||
| 999 |
_c237428 _d237428 |
||